000
00299nam a2200109Ia 4500
008
200302s9999 xx 000 0 und d
100
_a
Sunni Brown
245
_a
The doodle Revolution unlock the power to think differently
260
_b
Portfolio Penguin Published
260
_c
2014
300
_a
242 P.,
999
_c
4149
_d
4149